000 01461ngm a22003490a 4500
001 PT16697
003 AR-LpoUNG
005 20210202000227.0
007 vd cvaizq
008 191001s1995||||ag |||||||||||||||||spa d
037 _c$8.30
040 _aAR-LpoUNG
_bspa
_cAR-LpoUNG
_eaacr
041 _aspa
044 _aag
082 0 _a306.08 961nav
100 1 _aWullicher, Ricardo
_edir.
245 1 3 _aLa nave de los locos :
_btodavía es posible cambiar la historia
260 _aSan Luis :
_bTranseuropa Video Entertainment,
_c[1995].
300 _aVHS (95 min.) : son., col.
520 _aEn una pequeña ciudad de la Patagonia, un cacique Mapuche prende fuego a un complejo turístico, causando la muerte de un joven, acusado de asesinato el cacique se niega a defenderse; está a la espera de un acontecimiento mágico, que sólo los Mapuches conocen, la llegada del Caleuche, una mujer blanca defiende al cacique y en su figura a todos los Mapuches, ella descubrirá que el cacique ha obrado de acuerdo a su ley, en legítima defensa, protegiendo el lugar sagrado donde descansan sus antepasados, de la codicia y la corrupción del poder blanco.
650 4 _aAMERINDIOS
650 4 _aARGENTINA
650 4 _aIDENTIDAD CULTURAL
650 4 _aMITOLOGIA
650 4 _aPOBLACION INDIGENA
650 4 _aVALORES CULTURALES
651 4 _aArgentina
653 _aCINE ARGENTINO
653 _aVIDEOS
905 _a16697
942 _cVIDEO
999 _c54391
_d54391